000 00616pam a2200217 a 4500
001 2788071
005 20180124081742.0
008 810810s1982 caua b 001 0 eng
010 _a 81013717
020 _a0534979602
040 _aDLC
_cDLC
_dDLC
041 _aeng
080 _a338.5442 CLE
082 0 0 _a338.5442 CLE
_219
100 1 _a52
101 _aMIK
245 1 4 _aThe professional forecaster :
_cJames P. Cleary, Hans Levenbach.
504 _aBibliography: p. 385-398.
906 _a7
_bcbc
_corignew
_d1
_eocip
_f19
_gy-gencatlg
942 _2ddc
_cBK
999 _c40878
_d40878